Chaco & Hohokam : prehistoric regional systems in the American Southwest /

Bibliographic Details
Corporate Author: School of American Research (Santa Fe, N.M.)
Other Authors: Crown, Patricia L., Judge, W. James (William James)
Format: Book
Language:English
Published: Santa Fe, N.M. : School of American Research Press ; 1991.
Series:School of American Research advanced seminar series.
Subjects:

MARC

Tag First Indicator Second Indicator Subfields
LEADER 00000cam a2200000 a 4500
001 in00001026021
005 20150928121352.0
008 901203s1991 nmuab b s001 0 eng
010 |a  90026559  
020 |a 0933452756 (cloth) :  |c $35.00 
020 |a 0933452764 (pbk.) 
020 |a 0933452764 (paper) :  |c $15.95 
035 |a (OCoLC)22908181 
035 |9 AFF9895AM 
040 |a DLC  |c DLC  |d TXA  |d UtOrBLW 
043 |a n-us-nm  |a n-ust-- 
049 |a TXAM 
050 0 0 |a E99.H68  |b C48 1991 
082 0 0 |a 978.9/82  |2 20 
245 0 0 |a Chaco & Hohokam :  |b prehistoric regional systems in the American Southwest /  |c edited by Patricia L. Crown & W. James Judge. 
264 1 |a Santa Fe, N.M. :  |b School of American Research Press ;  |c 1991. 
264 2 |a [Seattle, Wash.] :  |b Distributed by the University of Washington Press, 
300 |a viii, 369 pages :  |b illustrations, maps ;  |c 24 cm. 
336 |a text  |b txt  |2 rdacontent 
337 |a unmediated  |b n  |2 rdamedia 
338 |a volume  |b nc  |2 rdacarrier 
490 1 |a School of American Research advanced seminar series 
500 |a Papers from a seminar held in Oct. 1987; sponsored by the School of American Research. 
504 |a Includes bibliographical references (pages [309]-360) and index. 
650 0 |a Hohokam culture. 
651 0 |a Chaco Culture National Historical Park (N.M.) 
650 0 |a Indians of North America  |z Southwest, New  |x Antiquities. 
651 0 |a Southwest, New  |x Antiquities. 
700 1 |a Crown, Patricia L. 
700 1 |a Judge, W. James  |q (William James) 
710 2 |a School of American Research (Santa Fe, N.M.) 
740 0 |a Chaco and Hohokam. 
830 0 |a School of American Research advanced seminar series. 
999 |a MARS 
999 f f |s 27c62248-0528-3e84-979b-336fed67e3fd  |i f2e043b9-0951-344a-abe7-2708879df78a  |t 0 
952 f f |p ric  |a Texas A&M University  |b Rellis Campus  |c Joint Library Facility  |d Remote Storage  |t 0  |e E99.H68 C48 1991  |h Library of Congress classification  |i unmediated -- volume  |m A14815259093 
998 f f |a E99.H68 C48 1991  |t 0  |l Remote Storage